A Song of Ice and Fire Characters and Their Aliases Quiz Stats

Quiz not verified by Sporcle

Also try: Dr. Seuss Books
Challenge
Share
Tweet
Embed
Score 0/170 Timer 20:00
0 Plays Today
Alias Name % Correct
The HoundSandor Clegane
86.9%
Onion KnightDavos Seaworth
86.9%
LittlefingerPetyr Baelish
86.5%
The Bastard of WinterfellJon Snow
86.3%
ReekTheon Greyjoy
86.1%
The Mountain that RidesGregor Clegane
85.9%
The SpiderVarys
85.9%
The Mad KingAerys II Targaryen
85.7%
The Blind GirlArya Stark
85.7%
Lord SnowJon Snow
85.5%
The Red ViperOberyn Martell
85.2%
The KingslayerJaime Lannister
85%
The Knight of FlowersLoras Tyrell
85%
The Eunuch Varys
85%
The ImpTyrion Lannister
84.8%
Mother of DragonsDaenerys Targaryen
84.8%
The UsurperRobert I Baratheon
84.8%
The Great Lion of the RockTywin Lannister
84.8%
The Kraken's DaughterAsha Greyjoy
84.6%
Lady StoneheartCatelyn Stark
84.6%
The Young WolfRobb Stark
84.2%
ArryArya Stark
84.2%
The Bastard of BoltonRamsay Snow
83.8%
Queen of ThornsOlenna Tyrell
83.4%
The King of DragonstoneStannis Baratheon
83.4%
Sword of the Morning Arthur Dayne
83.2%
Breaker of ChainsDaenerys Targaryen
83%
The Red WomanMelisandre of Asshai
83%
MhysaDaenerys Targaryen
83%
Great KhalDrogo
83%
The Leech LordRoose Bolton
82.8%
HalfmanTyrion Lannister
82.8%
The Kraken KingBalon Greyjoy
82.8%
The UnburntDaenerys Targaryen
82.4%
BlackfishBrynden Tully
82.4%
Alayne StoneSansa Stark
82.4%
The Beggar King Viserys III Targaryen
82.2%
The Dragon QueenDaenerys Targaryen
82.2%
The Old BearJeor Mormont
82%
Cat of the CanalsArya Stark
81.8%
The King Who Lost the NorthRobb Stark
81.8%
The Old LionTywin Lannister
81.6%
SweetrobinRobert Arryn
81.4%
The Mad King's DaughterDaenerys Targaryen
81.4%
Lord CrowJon Snow
80.7%
The Boy KingTommen Baratheon
80.1%
Crow's EyeEuron Greyjoy
79.9%
The Lightning LordBeric Dondarrion
79.3%
The Ugly Little GirlArya Stark
79.1%
Little BirdSansa Stark
78.9%
The DamphairAeron Greyjoy
78.7%
The Black Bastard of the WallJon Snow
78.1%
Young GriffAegon Targaryen
77.7%
The Stallion Who Mounts the WorldRhaego
77.3%
The Silver QueenDaenerys Targaryen
77%
GriffJon Connington
77%
Arya StarkJeyne Poole
76.8%
Alias Name % Correct
The Iron CaptainVictarion Greyjoy
76%
The She-WolfLyanna Stark
75.8%
HalfhandQhorin
75%
Arstan WhitebeardBarristan Selmy
74.8%
The Young LionJaime Lannister
74.4%
Ser PiggySamwell Tarly
74.2%
BearJorah Mormont
73.6%
The Dragon PrinceRhaegar Targaryen
73.2%
WeaselArya Stark
71.7%
The Squid PrinceTheon Greyjoy
71.7%
The Wildling PrincessVal
71.5%
The Last DragonRhaegar Targaryen
71.5%
The Quiet WolfEddard Stark
71.3%
The Little RoseMargaery Tyrell
70.9%
Nymeria/NanArya Stark
70.9%
Lord Too-Fat-to-Sit-a-HorseWyman Manderly
70.7%
No-NoseTyrion Lannister
69.9%
DarkstarGerold Dayne
68.9%
Goat of HarrenhalVargo Hoat
68.6%
The King at the WallStannis Baratheon
67.8%
The She-BearMaege Mormont
67.2%
The Wild WolfBrandon Stark
66.4%
The King in the Narrow SeaStannis Baratheon
65.4%
The Winged WolfBrandon Stark
65%
The Red WizardThoros of Myr
64.3%
Lord StokeworthBronn
64.3%
Demon of the TridentRobert I Baratheon
63.3%
The King of the Painted TableStannis Baratheon
62.9%
The Little QueenMargaery Tyrell
62.5%
The King in HighgardenRenly Baratheon
62.3%
The BullGendry
62.1%
Lumpyface/LumpyheadArya Stark
61.9%
The King in the SouthRenly Baratheon
61.7%
The HangwomanCatelyn Stark
61.7%
Prince FrogQuentyn Martell
61.7%
Silver PrinceRhaegar Targaryen
60.9%
The Fat FlowerMace Tyrell
60.2%
SaltyArya Stark
59.4%
Ser GrandfatherBarristan Selmy
59.2%
Hugor HillTyrion Lannister
59%
The Bloody MaesterQyburn
58.4%
BethArya Stark
58.2%
The Young Usurper Joffrey Baratheon
58%
FlorianDontos Hollard
57.8%
The Crow-Come-OverJon Snow
57%
JonquilSansa Stark
57%
YolloTyrion Lannister
55.9%
The CheesemongerIllyrio Mopatis
55.3%
The Wolf PupBenjen Stark
55.1%
Mercedene/MercyArya Stark
54.7%
True Warden of the EastRobert Arryn
54.1%
Little GrandfatherJojen Reed
53.9%
The Mad King's HandJon Connington
53.9%
Mother Merciless Catelyn Stark
53.3%
Aerys the ThirdJoffrey Baratheon
53.1%
The Whoremonger KingRobert I Baratheon
52.5%
SquabArya Stark
51.2%
Alias Name % Correct
The White BullGerold Hightower
49.6%
Great RiderDrogo
49.6%
AbelMance Rayder
49.2%
ArcherAnguy
48.4%
The Great DogGregor Clegane
48.4%
Lord of HamSamwell Tarly
48.2%
Lord LampreyWyman Manderly
48%
Uncle Maester Aemon Targaryen
42%
Lord OafMace Tyrell
41.8%
The ShavepateSkahaz mo Kandaq
40.2%
King ScabAerys II Targaryen
39.5%
The EvenstarSelwyn Tarth
38.9%
NedEdric Dayne
38.3%
The Fat ManIllyrio Mopatis
37.9%
The QohorikVargo Hoat
37.9%
The CougherGyles Rosby
37.3%
The Young She-BearAlysane Mormont
36.1%
Old Pomegranate Bowen Marsh
35.9%
The Yellow WhaleYezzan zo Qaggaz
35.7%
The Mad Dog of SaltpansRorge
34%
EsgredAsha Greyjoy
34%
Lord Puff FishMace Tyrell
33.8%
Lord Renly's ShadeGarlan Tyrell
32.6%
StickboyArya Stark
32.2%
Khal RhaggatViserys III Targaryen
31.6%
Dornish GerroldGerris Drinkwater
28.3%
IronhandJacelyn Bywater
28.1%
The Prince Who Came Too LateQuentyn Martell
27.9%
The BoymanTyrion Lannister
27.7%
Lord YellowbellyYezzan zo Qaggaz
26.8%
The DragonriderQuentyn Martell
25.6%
Khal Rhae MharViserys III Targaryen
24%
ToadTodder
23.4%
Lord DerikBeric Dondarrion
21.1%
The Silent SisterCatelyn Stark
20.9%
The ManticoreAmory Lorch
20.7%
Blue BardWat
16.8%
The CripplerVargo Hoat
16.6%
The Rabbit KeeperGilly
14.8%
Red HelmRamsay Snow
14.5%
Wet NurseTyrek Lannister
13.7%
Prince of FoolsTheon Greyjoy
12.9%
The Lord of CorpsesBeric Dondarrion
12.7%
Mummer's MonkeyPypar
12.7%
Broken NoseRorge
9.8%
The Lord of SuetYezzan zo Qaggaz
9.8%
The EmberThoros of Myr
9.2%
BlackheartMyles Toyne
9.2%
The Unburnt KingMance Rayder
8.8%
Light of the NorthSelyse Baratheon
7.4%
The Knight of Grey GardenHarras Harlaw
7.4%
Stone HeadHalder
5.3%
PimpleAlbett
4.5%
The Magnificent Mazdhan zo Loraq
4.5%
The HandsomeHazrak zo Loraq
4.3%
The LiberatorZharaq zo Loraq
3.5%

You're not logged in!

Compare scores with friends on all Sporcle quizzes.
Sign Up with Email
OR
Log In

You Might Also Like...

Show Comments

Extras

Top Quizzes Today


Score Distribution

Your Account Isn't Verified!

In order to create a playlist on Sporcle, you need to verify the email address you used during registration. Go to your Sporcle Settings to finish the process.

Report this User

Report this user for behavior that violates our Community Guidelines.

Details: